000 00649nam a2200241Ia 4500
003 OSt
005 20220928113722.0
006 a|||||r|||| 00| 0
007 ta
008 220927b |||||||| |||| 00| 0 san d
024 _a111788
037 _cTextual
040 _aSDCL
_cSDCL
_bsan
041 _2san
_asan
082 _aP15,Cx1,1,6, L1.3
100 _aShastri Bhim sen
_9434698
245 0 _aLaghu - siddhanta - kaumudi bhaimi vyakhya.
260 _aDelhi
_bBhaimi prakashan
300 _avii,356+15p.
_ccm.
490 _v3
942 _hP15,Cx1,1,6, L1.3
_cTEXL
_2CC
999 _c750989
_d750989